MDQL
is popping MORE tags! Check the
thread
!
Quizzes
Events
Quiz Creation
Community
Videos
Private Events
Remove Ads
Sign In
Join for FREE
Feedback
Dark Mode
Quiz Categories
Sports
Geography
Music
Movies
Television
Just For Fun
Miscellaneous
History
Literature
Language
Science
Gaming
Entertainment
Religion
Holiday
For Kids
Quiz Lab
Recent
Popular Today
Quiz Kudos Today
Editor Picks
Curator Picks
Quizzes by...
Day
Popularity
Type
Ratings
Length
Year
Community
Subscriptions
Recent Discussions
Orange Saloon
Badges
Playlists
Quests
Create
Leaderboards
Showdown
Live 5
Trivia Bingo
Activity
Puzzle Library
Sporcle Events
Private Events
Virtual Trivia
Globe League
Become a Host
Pub Owners
SporcleCon
Opinionation
Our Games
Videos
Blog
Mobile Apps
Partnerships
Remove Ads and Go Orange
Feedback
Sports
Athletes
MLB
NBA
NHL
NFL
Soccer
Sports Teams
WWE
NCAA
Football
Premier League
Basketball
Baseball
Hockey
Golf
Tennis
Cricket
Rugby
Auto Racing
Olympics
World Cup
Sports
Athletes
MLB
NBA
NHL
NFL
Soccer
Sports Teams
WWE
NCAA
Football
Premier League
Basketball
Baseball
Hockey
Golf
Tennis
Cricket
Rugby
Auto Racing
Olympics
World Cup
Random Quiz
Search Sporcle
×
Quiz Lab
Quiz Lab
Sports
cup
Type in answers that appear in a list
Type in answers that appear in a list
Classic
Best Score? Go Orange.
Stanley Cup Winners since 1980 Stats
Can you name the Stanley Cup Winners since 1980?
By
Ghecht3681
8m
29 Questions
197 Plays
197 Plays
197 Plays
Comments
Comments
Give Quiz Kudos
Give Quiz Kudos
-
- Ratings
hide this ad
Forced Order
Answers have to be entered in order
Answers have to be entered in order
Replay
Link that replays current quiz
Next Quiz
Link to next quiz in quiz playlist
You Got
0%
They Got
Avg Score
85%
Avg Friend Score
Upgrade to see
Score Distribution
Jump to the score distribution portion of the page
Score
0/29
Timer
08:00
0
Plays Today
Year
Team
% Correct
2008-
2009
Pittsburgh Penguins
93.9%
2007-
2008
Detroit RedWings
92.9%
1981-
1982
New York Islanders
91.9%
1982-
1983
New York Islanders
91.4%
1984-
1985
Edmonton Oilers
90.4%
1980-
1981
New York Islanders
89.8%
1983-
1984
Edmonton Oilers
89.8%
2002-
2003
New Jersey Devils
89.3%
1987-
1988
Edmonton Oilers
88.8%
1993-
1994
New York Rangers
88.3%
1986-
1987
Edmonton Oilers
87.8%
1999-
2000
New Jersey Devils
87.8%
2003-
2004
Tampa Bay Lightning
87.3%
1996-
1997
Detroit RedWings
86.8%
2005-
2006
Carolina Hurricanes
86.8%
Year
Team
% Correct
2001-
2002
Detroit RedWings
86.3%
1997-
1998
Detroit RedWings
85.8%
1998-
1999
Dallas Stars
85.8%
2006-
2007
Anaheim Ducks
85.8%
2000-
2001
Colorado Avalanche
85.3%
1994-
1995
New Jersey Devils
84.8%
1990-
1991
Pittsburgh Penguins
84.3%
1991-
1992
Pittsburgh Penguins
83.2%
1995-
1996
Colorado Avalanche
82.2%
1989-
1990
Edmonton Oilers
81.7%
1992-
1993
Montreal Canadiens
80.7%
1988-
1989
Calgary Flames
79.2%
1985-
1986
Montreal Canadiens
77.2%
2009-
2010
Chicago Blackhawks
52.3%
Quiz Playlist
Details
Report
Send in Message
Add To Playlist
Classic:
Type in answers that appear in a list
Forced Order:
Answers have to be entered in order
Last Updated: Feb 16, 2017
Quiz Scoreboard
CHALLENGE
Sign Up to Join the Scoreboard
Show All
Scores
Hide
Comments
May contain spoilers
Recently Published
Two Season TV Shows II
by 123Four
Television
10m
Image Sorting: Flags VI
by Barbecue
Geography
2m
Find the 'City' Movie
by crazypaving
Movies
60s
More to Explore
Quiz From the Vault
Featured Blog Post
14 Easter Pick-up Lines to Find Eggs With
hide this ad
You Might Also Like...
Tags
1980
cup
Runner-up
Stanley
team
Winner
Today's Top Quizzes in Sports
Browse Sports
hide this ad
Today's Top Quizzes in cup
Browse cup
Top Contributed Quizzes in Sports
1
Les meilleurs buteurs des matchs entre le PSG et l’OM
2
Les entraîneurs de l'OM et du PSG au 21e siècle
3
2022 World Cup Stars
4
Les joueurs passés par le PSG et l'OM
5
Players with Multiple 50 Home Run Seasons
6
FIFA Club World Cup Champions
7
Criteria MLB: Left Handed Sluggers
8
Les joueurs passés par le LOSC et le RC Lens
9
Top 10 NHL Goal Scorers of All Time
10
MLB Players with Two .350 Batting Average Seasons
Explore More
Trending Topics
Harry Potter
Marvel
Kpop
Anime
Disney
Crossword
NBA
Song
Country
Soccer
WWE
The Office
Puzzle
NFL
Pokémon
hide this ad
More By:
Ghecht3681
Quiz
Plays
Rating
Category
Featured
Created
Current NHL Teams by Stanley Cups
296
3.67
Sports
May 6, 2010
Most Populous U.S. Capitals
246
3.00
Geography
Jun 14, 2010
NHL Players by Country
244
3.50
Sports
May 6, 2010
NHL Rookies of the Year
238
2.50
Sports
May 8, 2010
Stanley Cup Winners since 1980
197
5.00
Sports
May 9, 2010
Go to Creator's Profile
Score Distribution
Quiz Creator Spotlight
Ghecht3681
Follow
Send a Message
Quizzes Created
-
Created Quiz Play Count
-
More By This Creator
Popular Quizzes Today
1
Find the US States - No Outlines Minefield
2
Colored Red Africa Blitz
3
Find the 'City' Movie
4
5x2 Blitz: Bands
5
The Countries of the World
6
Find the Countries of Europe - No Outlines Minefield
7
Find the US States
8
US States
More Sports Quizzes
Athletic Club's Number 1's
Quiz Lab
Trending Quizzes
Colored Red Europe Blitz I
Colored Red Africa Blitz II
Colored Red Europe Blitz II
Colored Red Europe Blitz III
Colored Red Africa Blitz III
Recently Updated
How Do You Spell That?
pecheneg
Godzilla Movies
pecheneg
Grab Bag: 4-10 Letters
pecheneg
2024 March Madness Bracket
pecheneg
Famous TV Couples
Peacemaker
Champions League XIs: Real Madrid
pecheneg
Largest US Cities 1790-2010
pecheneg
Rides in Walt Disney World
pecheneg
Most Oscar Losses (Acting)
pecheneg
Beyoncé Albums
pecheneg
Trending Topics
NBA
Crossword
Anime
Disney
Marvel
Kpop
Harry Potter
Pokémon
NFL
Song
Puzzle
Country
WWE
Soccer
The Office
Your Account Isn't Verified!
In order to create a playlist on Sporcle, you need to verify the email address you used during registration. Go to your
Sporcle Settings
to finish the process.
Report this User
Report this user for behavior that violates our
Community Guidelines
.
Details:
Send Report
Go to the Sporcle.com Mobile Site →
Comments